01896nab a2200229 ab450000500170000000800410001700300010005804000350005910000360009410000420013010000500017224501460022250600190036852009630038765000140135065300320136465300330139665300190142977300990144885600570154785600620160420260629125510.0260604b2025 sp fr poo| 0 0 spa d aMX-MxUPNbspacMX-MxUPNeaacr21 aAcevedo Blanco, Antonio Jesús1 aMartínez Quintana, María Violante1 aGonzález Rabanal, Miryam de la Concepción14aDesempleo de larga duración en Andalucía :banálisis geosociológico de patrones espaciotemporalesh[recurso electrónico en línea]0 aAcceso abierto3 aEsta investigación analiza la dependencia espaciotemporal del desempleo de larga duración (DLD) a nivel municipal en Andalucía y su significación geosociológica, utilizando datos abiertos de 2015 a 2023. Se lleva a cabo un análisis espacial bivariante para evaluar la dependencia global, seguido de una aproximación a la autocorrelación local mediante el análisis de clúster LISA (Local Indicators of Spatial Association) y un mapa de colocalización de las agrupaciones en la serie temporal. Los resultados revelan un descenso en la autocorrelación espacial y una reducción significativa de la polarización territorial del DLD, lo que sugiere posibles mejoras en el empleo. Las implicaciones prácticas destacan la importancia de incluir las ciencias de datos espaciales y los datos abiertos en políticas de empleo territorialmente focalizadas, para evaluar adecuadamente las implicaciones socioeconómicas y laborales. cREIS 2aDesempleo 4aDependencia espaciotemporal 4aCiencias de Datos Espaciales 4aDatos abiertos gNo. 192 (2025), p. 5-26tREIS: revista española de investigaciones sociológicasx1988-59034 uhttps://reis.cis.es/index.php/reis/article/view/24374 uhttps://reis.cis.es/index.php/reis/article/view/2437/2951